000
00299nam a22001337a 4500
008
231025b ||||| |||| 00| 0 eng d
020
_a
9780192891754
041
_a
eng
080
_a
101
100
_a
101RID
101
_a
FILOZ
245
_a
THE PROBLEMS OF EVOLUTION
_c
RIDLEY.M
942
_2
udc
_c
BK
999
_c
60466
_d
60466